[Event "Rome Cittadino La Lupa"]
[Site "Rome"]
[Date "2011.05.05"]
[Round "1"]
[White "Arceri, Paolo"]
[Black "Castellano, Lorenzo"]
[Result "1/2-1/2"]
[WhiteElo "1470"]
[BlackElo "1871"]
[PlyCount "60"]
[EventDate "2011.05.05"]
[EventType "swiss"]
[EventRounds "7"]
[EventCountry "ITA"]
[SourceTitle "EXT 2024"]
[Source "ChessBase"]
[SourceDate "2023.10.10"]
[SourceVersion "1"]
[SourceVersionDate "2023.10.10"]
[SourceQuality "1"]

1. e4 Nf6 2. e5 Nd5 3. d4 d6 4. c4 Nb6 5. f4 dxe5 6. fxe5 c5 7. d5 e6 8. Nc3 exd5 9. cxd5 c4 10. Nf3 Bb4 11. Qd4 Qxd5 12. Bd2 Qxd4 13. Nxd4 0-0 14. a4 a6 15. a5 N6d7 16. e6 fxe6 17. Bxc4 Nc5 18. 0-0-0 Bxa5 19. Rde1 Re8 20. Re5 b5 21. Rxc5 Bxc3 22. Bxe6+ Bxe6 23. Bxc3 Nd7 24. Rc7 Nf6 25. Nc6 Bf7 26. Rf1 Bc4 27. Bxf6 Bxf1 28. Rxg7+ Kf8 29. Ne5 Rxe5 30. Bxe5 Bd3 1/2-1/2